000 007610000a22002290004500
003 LK-CoMWRAF
008 230817t1997 ||||| |||| 00| 0 eng d
020 _a9556390006
040 _aLK-CoMWRAF
_dLK-CoMWRAF
_eLK-CoMWRAF
041 _aeng
082 _a305.42
_bGEN
111 _aTHE WORKSHOP ON ' GENDER AND DISASTERS'
_c( Multan, Pakistan,
_dMarch 1996)
245 _aSouth Asian Women: Facing Disasters, Securing Life
260 _aColombo:
_bIntermediate technology development group,
_c1997
300 _a75 p.
650 _aFeminism- South Asia- Congresses
650 _aWomen- South Asia- Social conditions
650 _aWomen's rights- South Asia- Congresses
700 _aFernando, Vijita
_eed.
700 _aPriyanthi, Fernando
_eed.
942 _cCP
999 _c97
_d97